000 00325nam a2200109Ia 4500
008 171211s9999 xx 000 0 und d
245 _aCult People: Amazing tales from Hollywood's Exploitation A-list
245 _cNicanor Loreti
260 _c2010
650 _xcinema
856 _uhttp://down.ebook777.com/064/1900486741.pdf
999 _c348725
_d348725